000 01111nac a22003491i 4500
003 EG-ScBUE
005 20241010093105.0
008 150825t2003 caua f 001 0 eng d
020 _a9780534274092
020 _a0534274099
035 _a(DLC) 2002112185
040 _aEG-ScBUE
_beng
_erda
_cEG-ScBUE
_dEG-ScBUE
082 0 4 _a515.15
_bSTE
_222
100 1 _aStewart, James,
_eauthor.
245 1 0 _aCalculus :
_bearly transcendentals /
_cJames Stewart, McMaster University.
250 _aFifth edition.
250 _aInternational student edition.
264 1 _aBelmont, CA :
_bThomson/Brooks/Cole,
_c[2003]
264 4 _cc2003
300 _a1 volume (various pagings) :
_billustrations (some color) ;
_c26 cm +
_e2 CD
336 _2rdacontent
_atext
_btxt
336 _2rdacontent
_asounds
_bsnd
337 _aunmediated
_2rdamedia
_bn
337 _aunmediated
_2rdamedia
_bn
338 _avolume
_bnc
_2rdacarrier
338 _acomputer disc
_bcd
_2rdacarrier
500 _aIncludes index.
650 7 _aCalculus.
_2BUEsh
651 _2BUEsh
655 _vReading book
942 _cNB
_2ddc
999 _c7811
_d7811